USSK dodrží záväzky z memoranda John H. Goodish: Nezložíme nohu z plynového pedála

Bibliographic Details
Main Author: Hutňan, Marián (Author)
Corporate Author: U.S.Steel (Košice, Slovensko) (Author)
Format: Article
Language:Slovak
Subjects:

MARC

LEADER 00000nab a2200000 a 4500
001 vtls000927651
003 SK-MaSNL
005 20260303033424.0
008 140301e20020110xo 0 slo
035 |a KE36528 
040 |a KEVKJB  |b slo  |c KEVKJB  |e AACR2 
041 0 |a slo 
044 |a xo  |c SK 
080 |a 669.1  |2 1981 
100 1 |a Hutňan, Marián  |4 aut  |9 838495 
245 1 0 |a USSK dodrží záväzky z memoranda  |b John H. Goodish: Nezložíme nohu z plynového pedála 
610 2 7 |a U. S. Steel (Košice, Slovensko)  |2 KEVKJB  |9 656260 
650 0 7 |a memorandum  |2 KEVKJB  |9 1017156 
650 0 7 |a dodržanie záväzkov  |2 KEVKJB  |9 1017157 
651 7 |a Košice (Slovensko)  |2 KEVKJB  |9 18694 
710 2 |a U.S.Steel (Košice, Slovensko)  |4 aut  |9 877338 
773 0 8 |t Hospodárske noviny, č.7, 10.1.2002, s. 9 
773 0 8 |t Podniky a trhy 
852 |a ZVYKNI  |b KIS3GCP 
999 |c 1669941  |d 1671871